IEEE spectrum: the magazine of technology insiders (Record no. 38247)

MARC details
000 -LEADER
fixed length control field 00486nam a2200169Ia 4500
022 ## - INTERNATIONAL STANDARD SERIAL NUMBER
ISSN 00189235
050 ## - CALL MARK
Classification number TK 1 .I15/
245 #0 - TITLE STATEMENT
Title IEEE spectrum: the magazine of technology insiders
260 ## - PUBLICATION, DISTRIBUTION, ETC. (IMPRINT)
Place of publication North America
260 ## - PUBLICATION, DISTRIBUTION, ETC. (IMPRINT)
Name of publisher Lightbulb Press
260 ## - PUBLICATION, DISTRIBUTION, ETC. (IMPRINT)
Year of publication 2009
300 ## - PHYSICAL DESCRIPTION
Number of Pages 94 p. , portraits : ill. ; 27 cm.
650 ## - SUBJECT ADDED ENTRY--TOPICAL TERM
Topical Term Electrical engineering--Periodicals Electronics--Periodicals
942 ## - ADDED ENTRY ELEMENTS (KOHA)
Koha item type Serials

No items available.